LEADER 01285nam a2200277 4500 001 000000361938 003 CaOOAMICUS 005 20250305111607.0 008 250305s2015 it 000 u ita r 020 $a978-88-215-9615-5 040 $aSeMil$bita 110 2 $aPontificio consiglio per la promozione della nuova evangelizzazione.$0(OLS)http://semarc/name/26148 245 13$aLa misericordia nei Padri della Chiesa /$cPontificio Consiglio per la Promozione della Nuova Evangelizzazione. 264 1$aCinisello Balsamo :$bSan Paolo,$c2015. 300 $a124 p. ;$c19 cm 490 1 $aMisericordiosi come il padre ;$v5 500 $aAllegato a Credere e Famiglia Cristiana 650 4$aMisericordia - Concezione patristica.$0(OLS)http://semarc/subject/9915 830 0$aMisericordiosi come il padre ;$v5.$0(OLS)http://semarc/title/400533 850 $aSeMil 852 $aSeMil$W1$xVenegono$y1$m2S I 113$j254967$B252879$CSeMilBibl$Z2$F252879 $81 961 $aBuzzi mons. Franco - Omaggio 996 $6020$a978-88-215-9615-5$9(OLS)http://semarc/number/302617 996 $6245$aLa misericordia nei Padri della Chiesa$9(OLS)http://semarc/title/452787 996 $6264$aCinisello Balsamo :$bSan Paolo$9(OLS)http://semarc/publisher/30129 LEADER 00894nam a2200229 i 4500 001 000000088814 003 CaOOAMICUS 005 20240206100531.0 008 180830s1968 xx u000 u und u 040 $aSeMil$bita 100 1 $aColombo, Carlo .$0(OLS)http://semarc/name/3095 245 13$aIl Credo del popolo di Dio /$cC. Colombo ... [et al.]. 260 $aMilano :$bAres,$c1968. 300 $a73 p. ;$c22 cm 490 0 $aSagitta. Nuova serie ;$v11 650 4$aSimboli di fede.$0(OLS)http://semarc/subject/7501 830 0$aSagitta. Nuova serie ;$v11.$0(OLS)http://semarc/title/10348 850 $aSeMil 852 $aSeMil$W1$xVenegono$y1$m160 5 11 *$j52021$B52021$CSeMilBibl$Z2$F56414 $81 996 $6245$aIl Credo del popolo di Dio$9(OLS)http://semarc/title/134649 996 $6260$aMilano :$bAres$9(OLS)http://semarc/publisher/30250